The Elegant ghost / (Record no. 8211)
[ view plain ]
| 000 -LEADER | |
|---|---|
| fixed length control field | nam a22 7a 4500 |
| 005 - DATE AND TIME OF LATEST TRANSACTION | |
| control field | 20191008035327.0 |
| 008 - FIXED-LENGTH DATA ELEMENTS--GENERAL INFORMATION | |
| fixed length control field | 191008b xxu||||| |||| 00| 0 eng d |
| 020 ## - IDENTIFIER FOR THE MANIFESTATION | |
| Identifier for the Manifestation | 9789715428866 |
| Binding | paperback |
| 040 ## - CATALOGING SOURCE | |
| Language of Cataloging | eng |
| Transcribing Agency | APEC Schools Library |
| Description Conventions | rda |
| 082 ## - DEWEY DECIMAL CLASSIFICATION NUMBER | |
| Classification number | F 899.210 |
| Author's Number | D211e 2019 |
| 100 ## - CREATOR | |
| Preferred Name of the Person | Daoana, Carlomar Arcangel |
| 245 ## - TITLE AND STATEMENT OF RESPONSIBILITY | |
| Preferred Title Proper | The Elegant ghost / |
| Statement of Responsibility/Parallel Statement of Responsibility | Carlomar Arcangel Daoana |
| 264 ## - PUBLICATION STATEMENT | |
| Place of publication, distribution, etc | Quezon City : |
| Publisher's Name/Parallel Publisher's Name | University of the Philippines Press, |
| Copyright | ©2019. |
| 300 ## - PHYSICAL DESCRIPTION | |
| Extent | 101 pages ; |
| 336 ## - RDA CONTENT | |
| Source | rdacontent |
| Content Type | text |
| 337 ## - RDA MEDIA | |
| Source | rdamedia |
| Media Type | unmediated |
| 338 ## - RDA CARRIER | |
| Source | rdacarrier |
| Carrier Type | volume |
| 650 ## - ADDED SUBJECT ACCESS POINT - TOPICAL TERM | |
| Topical Term | Filipino poetry. |
| 942 ## - ADDED ENTRY ELEMENTS (KOHA) | |
| Source of Classification | |
| Koha Item Type | Non Fiction |
| Library | Site Location | Shelving Location | Source of Acquisition | Full Classification Number | Accession Number | Koha Item Type |
|---|---|---|---|---|---|---|
| APEC Bacoor Library | APEC Bacoor Library | Filipiniana | Institutional Fund | F 899.210 D211e 2019 | B04-0000464 | Non Fiction |
| APEC C. Raymundo Library | APEC C. Raymundo Library | Filipiniana | Institutional Fund | F 899.210 D211e 2019 | A07-0000351 | Non Fiction |
| APEC Calumpang Library | APEC Calumpang Library | Filipiniana | Institutional Fund | F 899.210 D211e 2019 | B10-0000399 | Non Fiction |
| APEC Dasmarinas Library | APEC Dasmarinas Library | Filipiniana | Institutional Fund | F 899.210 D211e 2019 | B03-0000409 | Non Fiction |
| APEC Doña Juana Library | APEC Doña Juana Library | Filipiniana | Institutional Fund | F 899.210 D211e 2019 | A02-0000172 | Non Fiction |
| APEC España Library | APEC España Library | Filipiniana | Institutional Fund | F 899.210 D211e 2019 | B11-0000294 | Non Fiction |
| APEC Grace Park West Library | APEC Grace Park West Library | Filipiniana | Institutional Fund | F 899.210 D211e 2019 | A09-0000360 | Non Fiction |
| APEC Las Piñas Library | APEC Las Piñas Library | Filipiniana | Institutional Fund | F 899.210 D211e 2019 | C01-0000347 | Non Fiction |
| APEC Concepcion Dos Library | APEC Marikina Heights Library | Filipiniana | Institutional Fund | F 899.210 D211e 2019 | C02-0000305 | Non Fiction |
| APEC North Fairview Library | APEC North Fairview Library | Filipiniana | Institutional Fund | F 899.210 D211e 2019 | A04-0000311 | Non Fiction |
| APEC Taytay Library | APEC Taytay Library | Filipiniana | Institutional Fund | F 899.210 D211e 2019 | B08-0000322 | Non Fiction |
